000 00957naa a22002897a 4500
001 BR7375253
003 BR-BrBNA
005 20240918173546.0
007 ta
008 230509b bl.||||| |||| 00| 0 por d
040 _aBR-BrBNA
_bpor
_cBiblioteca Nacional de Agricultura
041 _a(Pt)
072 _aS10; A50
_b1116
_b3755
090 _aS10 BR7375253
100 1 _aSchrader, O.L.
100 1 _aSiqueira, R. de
100 1 _aPechnik, E.
245 1 _aVariedades de goiaba (Psidium guajava)geneticamente selecionadas e vitamina C
260 3 _aRio de Janeiro, GB (Brasil):
_c1952.
500 _aTrabalhos e pesquisas Rio de Janeiro, GB (Brasil): 1952. p. 233-244 (BR7375253-AM)S10
650 _aCOMPOSICAO DE ALIMENTO
650 _aGOIABA
650 _aVITAMINA C
773 0 _tTrabalhos e pesquisas : v. 2 /
_wS00 BR4900023
_gRio de Janeiro, GB (Brasil), 1949.
_q318 p.
909 _a202404
_bLucia
_c55
_dLucia Elande
942 _cAM
_2AGRIS
999 _c305389
_d305389